125 trò chơi phát triển trí não em bé
שמור ב:
| מחבר ראשי: | |
|---|---|
| פורמט: | ספר |
| שפה: | Undetermined |
| יצא לאור: |
Thành phố Hồ Chí Minh
Trẻ
2004
|
| נושאים: | |
| תגים: |
הוספת תג
אין תגיות, היה/י הראשונ/ה לתייג את הרשומה!
|
| Thư viện lưu trữ: | Trung tâm Học liệu Trường Đại học Cần Thơ |
|---|
| LEADER | 00569nam a2200193Ia 4500 | ||
|---|---|---|---|
| 001 | CTU_60638 | ||
| 008 | 210402s9999 xx 000 0 und d | ||
| 020 | |b 13000 | ||
| 082 | |a 649.55 | ||
| 082 | |b S582 | ||
| 100 | |a Silberg, Jackie | ||
| 245 | 0 | |a 125 trò chơi phát triển trí não em bé | |
| 245 | 0 | |c Jackie Silberg; Phạm Anh Tuấn biên dịch | |
| 260 | |a Thành phố Hồ Chí Minh | ||
| 260 | |b Trẻ | ||
| 260 | |c 2004 | ||
| 650 | |a Child rearing | ||
| 904 | |i Minh, Năm | ||
| 980 | |a Trung tâm Học liệu Trường Đại học Cần Thơ | ||